LEADER 01056nam a2200193 4500 001 000000367165 003 CaOOAMICUS 005 20260410114143.0 008 260410s1907 it 000 u ita r 040 $aSeMil$bita 100 1 $aGermano : di San Stanislao <1850-1909>.$0(OLS)http://semarc/name/69129 245 13$aLa memoria dei ss. Giovanni e Paolo, martiri romani della persecuzione di Giuliano, rivendicata alla storia contro gli attacchi di alcuni odierni critici /$cP. Germano passionista. 264 1$aRoma :$bTipografia Pontificia dell'Istituto Pio 9.,$c1907. 300 $a16 p. ;$c25 cm 850 $aSeMil 852 $aSeMil$W1$xVenegono$y1$m5C VIII 10/18$j270037$B257888$CSeMilBibl$Z2$F257888 $8M 996 $6245$aLa memoria dei ss. Giovanni e Paolo, martiri romani della persecuzione di Giuliano, rivendicata alla storia contro gli attacchi di alcuni odierni critici$9(OLS)http://semarc/title/459043 996 $6264$aRoma :$bTipografia Pontificia dell'Istituto Pio 9.$9(OLS)http://semarc/publisher/36138